FIBA Basketball World Cup Champions - Statistics

General Stats
  • This quiz has been taken 543 times
  • The average score is 10 of 17
Answer Stats
Hint Answer % Correct
2014 United States
97%
2010 United States
95%
2006 Spain
87%
1994 United States
76%
1986 United States
71%
1990 Yugoslavia
58%
2002 Yugoslavia
57%
1982 Soviet Union
55%
1998 Yugoslavia
55%
1974 Soviet Union
54%
1954 United States
54%
1978 Yugoslavia
54%
1970 Yugoslavia
52%
1967 Soviet Union
51%
1959 Brazil
32%
1963 Brazil
31%
1950 Argentina
28%
No matching quizzes found
Score Distribution
Percent of People with Each Score
Percentile by Number Answered
Your Score History
You have not taken this quiz